header

Proceedings of the second International Workshop, Stochastic Analysis and Mathematical Physics, ANESTOC '96 (Record no. 138188)

MARC details
000 -LEADER
fixed length control field 01455nam a2200313Ia 4500
082 04 - DEWEY DECIMAL CLASSIFICATION NUMBER
Classification number 519.2
245 10 - TITLE STATEMENT
Title Proceedings of the second International Workshop, Stochastic Analysis and Mathematical Physics, ANESTOC '96
260 ## - PUBLICATION, DISTRIBUTION, ETC. (IMPRINT)
Place of publication Singapore ;
-- River Edge, N.J. :
Name of publisher World Scientific,
Year of publication 2004.
300 ## - PHYSICAL DESCRIPTION
Number of Pages viii, 303 p.
650 #0 - SUBJECT ADDED ENTRY--TOPICAL TERM
Topical Term Stochastic analysis
Topical Term Mathematical physics
700 1# - ADDED ENTRY--PERSONAL NAME
Personal name Rebolledo, Rolando,
856 40 - ELECTRONIC LOCATION AND ACCESS
Uniform Resource Identifier http://site.ebrary.com/lib/rucke/Doc?id=10173950

No items available.

© 2026 Rongo University
Contact us: librarian | system librarian | Rongo university